000 01372namaa2200361 i 4500
003 EG-GICUC
005 20260525115715.0
008 260525s2010 ua ao||jr|||| 000 0bara d
017 _a2009 / 22636
_bدار الكتب والوثائق القومية (مصر)
020 _a9789774797375
040 _aEG-GiCUC
_bara
_cEG-GiCUC
_dEG-GiCUC
_erda
043 _af-ua---
082 0 4 _221
_a320.92
_bK154k
092 0 4 _221
_a320.92
_bK154k
099 _a320.92 K154k
100 1 _aكامل، عز الدين
_d1929-
_eمؤلف.
245 1 _aسعد كامل :
_bالثقافة الجماهرية مسيرة فى نصف قرن/
_cعز الدين كامل.
250 _aالطبعة الاولى
264 _aالقاهرة (مصر) :
_bالمجلس الأعلى للثقافة،
_c2010.
300 _a313 صفحة :
_bايضاحيات، صور ؛
_c24 سم
336 _2rdacontent
_atext
337 _2rdamedia
_aUnmediated
338 _2rdacarrier
_avolume
504 _a310-309 ببليوجرافيا: صفحات.
541 _aوزارة الثقافة ؛
_bالقاهرة ؛
_cإهداء ؛
_d2023.
600 1 0 _aكامل، سعد
_910816
650 1 7 _aالسياسة
_vتراجم
_2qrmak
650 1 7 _aالسياسيون
_zمصر
_2qrmak
650 1 7 _aرجال السياسة
_zمصر
_2qrmak
651 1 _2qrmak
905 _aAya
942 _2ddc
_cBK
_e21
_n0
999 _c180302
_d180302